Csehszlovák pártmunkásküldöttség látogatott Szegedre [1 fényképpel]
Elmentve itt :
| Dokumentumtípus: | Cikk |
|---|---|
| Megjelent: |
1963-06-27
|
| Sorozat: | Délmagyarország
53 No. 148 |
| Kulcsszavak: | Győri Imre, Svarovská Anna, Pártközi kapcsolatok kommunista csehszlovák-magyar 1963, külföldi politikusok látogatásai |
| Online Access: | http://dmarchiv.bibl.u-szeged.hu/71097 |
| LEADER | 00562nab a2200145 i 4500 | ||
|---|---|---|---|
| 001 | delm71097 | ||
| 005 | 20180928082423.0 | ||
| 008 | 180928s1963 hu o 0|| hun d | ||
| 040 | |a SZTE Délmagyarország Archívum |b hun | ||
| 041 | |a hun | ||
| 245 | 0 | 0 | |a Csehszlovák pártmunkásküldöttség látogatott Szegedre |h [elektronikus dokumentum] : |b [1 fényképpel] |
| 260 | |c 1963-06-27 | ||
| 300 | |a 1 | ||
| 490 | 0 | |a Délmagyarország |v 53 No. 148 | |
| 695 | |a Győri Imre, Svarovská Anna, Pártközi kapcsolatok kommunista csehszlovák-magyar 1963, külföldi politikusok látogatásai | ||